Československé výzkumné zprávy a disertace 1988

Guardado en:
Detalles Bibliográficos
Formato: Libro
Lenguaje:checo
Publicado: Praha Ústředí vědeckých, technických a ekonomických informací 1988
Etiquetas: Agregar Etiqueta
Sin Etiquetas, Sea el primero en etiquetar este registro!

MARC

LEADER 00000nam a2200000 4500
001 c041258
005 20250613074444.1
041 0 |a cze 
044 |a CZ 
245 1 0 |a Československé výzkumné zprávy a disertace 1988 
264 1 |a Praha  |b Ústředí vědeckých, technických a ekonomických informací  |c 1988 
300 |a 172 s.